000 00361 a2200157 4500
001 170949
020 _a
040 _cMagnum
100 _aMacedo, Rivaldo
240 1 0 _a14ª Nau. uma historia do descobrimento
_lpor
245 1 0 _a14ª Nau. uma historia do descobrimento
362 0 _a1899
440 1 _aFTD
697 _aHISTORIA DO BRASIL
942 _cBK
999 _c170949
_d170949